Dr. Diego Álvarez Chanca (Record no. 173462)

MARC details
000 -LEADER
campo de control de longitud fija 00813nam a2200217 i 4500
001 - NÚMERO DE CONTROL
campo de control 173462
003 - IDENTIFICADOR DE NÚMERO DE CONTROL
campo de control ES-MaACL
005 - FECHA Y HORA DE LA ÚLTIMA TRANSACCIÓN
campo de control 20230906215240.0
008 - DATOS DE LONGITUD FIJA--INFORMACIÓN GENERAL
campo de control de longitud fija 091202s1966 pr |||| |bspa d
080 ## - NÚMERO DE LA CLASIFICACIÓN DECIMAL UNIVERSAL
Número de la Clasificación Decimal Universal 929 Álvarez Chanca, Diego
100 1# - ENTRADA PRINCIPAL--NOMBRE DE PERSONA
Nombre de persona Tió, Aurelio.
9 (RLIN) 163441
245 10 - MENCIÓN DEL TÍTULO
Título Dr. Diego Álvarez Chanca
Resto del título : (estudio biográfico) /
Mención de responsabilidad, etc. Aurelio Tió.
260 ## - PUBLICACIÓN, DISTRIBUCIÓN, ETC.
Lugar de publicación, distribución, etc. Puerto Rico :
Nombre del editor, distribuidor, etc. Instituto de Cultura Puertorriqueña, Universidad Interamericana,
Fecha de publicación, distribución, etc. 1966.
300 ## - DESCRIPCIÓN FÍSICA
Extensión XV, 450 p., 2 h. ;
Dimensiones 25 cm.
490 1# - MENCIÓN DE SERIE
Mención de serie Publicaciones de la Asociación Médica de Puerto Rico
600 14 - PUNTO DE ACCESO ADICIONAL DE MATERIA--NOMBRE DE PERSONA
Nombre de persona Alvarez Chanca, Diego.
9 (RLIN) 20734
710 2# - ENTRADA AGREGADA--NOMBRE DE ENTIDAD CORPORATIVA
Nombre de entidad corporativa o nombre de jurisdicción como elemento de entrada Asociación Médica de Puerto Rico.
9 (RLIN) 1750
830 0# - PUNTO DE ACCESO ADICIONAL DE SERIE-TÍTULO UNIFORME
Título uniforme Publicaciones de la Asociación Médica de Puerto Rico
9 (RLIN) 223545
852 ## - LOCALIZACIÓN
Ubicación ES-MaACL
Número de control de estantería C-56960
Holdings
Estatus retirado Estado de pérdida Estado de daño No para préstamo Biblioteca de origen Biblioteca actual Ubicación en estantería Fecha de adquisición Fuente de adquisición Total de préstamos Signatura topográfica completa Código de barras Visto por última vez Precio de reemplazo Tipo de ítem Koha
        Biblioteca del Ateneo de Madrid Biblioteca del Ateneo de Madrid Depósito 2 02/12/2009     C-56960 1182039 23/02/2023 23/02/2023 Libro impreso